Dicle Üstü Ay Bulanık (Record no. 579)

000 -LEADER
fixed length control field 00477nam a22001817a 4500
008 - FIXED-LENGTH DATA ELEMENTS--GENERAL INFORMATION
fixed length control field 170612b xxu||||| |||| 00| p tur d
020 ## - INTERNATIONAL STANDARD BOOK NUMBER
International Standard Book Number 975736276X
041 ## - LANGUAGE CODE
Language code of text/sound track or separate title Türkçe
050 ## - LIBRARY OF CONGRESS CALL NUMBER
Classification number PL248.E585
100 ## - MAIN ENTRY--PERSONAL NAME
Personal name Erbaş, Şükrü
9 (RLIN) 286
245 ## - TITLE STATEMENT
Title Dicle Üstü Ay Bulanık
Statement of responsibility, etc. Şükrü Erbaş
250 ## - EDITION STATEMENT
Edition statement 4. baskı
260 ## - PUBLICATION, DISTRIBUTION, ETC.
Place of publication, distribution, etc. Ankara
Name of publisher, distributor, etc. Ümit Yayıncılık
Date of publication, distribution, etc. Ekim 2001
300 ## - PHYSICAL DESCRIPTION
Extent 61 sayfa
500 ## - GENERAL NOTE
General note Coşku Dizisi: 27
650 #0 - SUBJECT ADDED ENTRY--TOPICAL TERM
9 (RLIN) 145
Topical term or geographic name entry element Türk Edebiyatı
942 ## - ADDED ENTRY ELEMENTS (KOHA)
Source of classification or shelving scheme
Koha item type Books
Holdings
Withdrawn status Lost status Source of classification or shelving scheme Damaged status Not for loan Permanent Location Current Location Shelving location Date acquired Full call number Barcode Date last seen Price effective from Koha item type
        Ödünç verilemez İmren Ahmet Tüzün Kütüphanesi İmren Ahmet Tüzün Kütüphanesi Ahmet Tüzün 2017-07-21 PL248.E585 100100000570 2017-07-21 2017-07-21 Books

This software was implemented, installed and managed by Devinim Software Training Consulting .